000 00308nam a22001337a 4500
008 190311b xxu||||| |||| 00| 0 eng d
020 _a9780195130454
041 _aeng
080 _24th
_a371
100 _a46
101 _aEDU
245 _aA Rhetoric for writing teachers
_cLindemann,E
942 _2udc
_cBK
999 _c54667
_d54667